| 000 | 00996nam a2200217 a 4500 | ||
|---|---|---|---|
| 001 | 000041112 | ||
| 005 | 20201002034629.0 | ||
| 008 | 130918s1969 sp r 001 0 spa d | ||
| 040 |
_aDO-SdBNP _bspa _cBNPHU |
||
| 082 |
_axxxx _bxxxx |
||
| 111 | 2 |
_aAsociación Internacional de los Trabajadores. Federación Regional Española _967657 |
|
| 245 | 1 | 0 |
_aActas de los consejos y comisión federal de la región española : _b(1870-1874) / _cestudio preliminar por Carlos Seco Serrano. |
| 260 |
_aBarcelona : _bUniversidad de Barcelona, _c[1969]. |
||
| 300 |
_a345 p. ; _c26 cm. |
||
| 490 | 1 | _adocumentos para el estudio de los movimientos obreros en España en la época contemporánea | |
| 504 | _aIncluye referencias bibliográficas y notas al pie de las páginas | ||
| 505 | 1 |
_gv. 2 _tComisión federal |
|
| 590 | _aInventariado, 2019/BT | ||
| 700 | 1 |
_aSeco Serrano, Carlos, _967658 |
|
| 830 | 0 |
_adocumentos para el estudio de los movimientos obreros en España en la época contemporánea _967659 |
|
| 999 |
_c40602 _d40602 |
||